| 000 | 00709cab a2200193 4500 | ||
|---|---|---|---|
| 001 | ABS44141 | ||
| 008 | 090401t1991 xxu||||| |||| 00| 0 eng d | ||
| 035 | _a(Sirsi) u45516 | ||
| 041 | _aeng | ||
| 100 | _aGraham, T. | ||
| 245 | _aInterpretation of planning permissions and a matter of principle | ||
| 260 | _c1991 | ||
| 350 | _a0 | ||
| 490 |
_aJPL _v1991 104-112(9) |
||
| 520 | _aCriticises the courts for not formulating any clear guiding principles for interpreting planning permissions and other public documents arising from the planning process. Examines case law which has arisen in respect of planning permissions. | ||
| 690 | _aPLANNING LAW AND PRACTICE | ||
| 942 | _n0 | ||
| 948 | _c04/03/1997 | ||
| 999 |
_c28854 _d28854 |
||